Statistics for Countries LBJ visited

Click here to take the quiz!

General Stats

  • This quiz has been taken 19 times
  • The average score is 16 of 20

Answer Stats

Continent Country % Correct
OceaniaAustralia
100%
North AmericaMexico
94%
North AmericaCanada
94%
OceaniaNew Zealand
94%
AsiaSouth Korea
88%
North AmericaNicaragua
88%
EuropeItaly
81%
North AmericaGuatemala
81%
North AmericaCosta Rica
81%
EuropeWest Germany
81%
North AmericaHonduras
75%
North AmericaEl Salvador
75%
Asiathe Philippines
75%
AsiaPakistan
69%
South AmericaUruguay
69%
EuropeVatican City
69%
AsiaMalaysia
63%
AsiaSouth Vietnam
63%
South AmericaSuriname
63%
AsiaThailand
56%

Score Distribution

Percentile by Number Answered

Percent of People with Each Score

Your Score History

You have not taken this quiz